00426nam a22001457a 4500003000200000005001700002008004100019020002200060050002000082245004900102260004100151300003800192500002500230650002500255020230922115115.0230922b xxu||||| |||| 00| 0 eng d a978-0-72328-187-0 aPZ 5b.T57 2012 aLadybird tales : the three Billy goats gruff aLondonbLadybird Books Ltd. cc2012. a42 pages :bcol. ill. ; c20 cm.  aChildren's stories.  aChildren's stories.